000 00434nam a2200181Ia 4500
001 1882
005 20260306143801.0
008 260306t2012||||xx |||||||||||||| ||spa||
041 _aESP
082 _a158.1
_bB94A
100 _aBurns, David D.,
_eAUT
245 0 _aEl manual de ejercicios para sentirse bien
260 _c2012
300 _a638 páginas :
_c22 cm.
650 _aGEN
654 _aCPS
942 _cLIB
_dJUS
_fJUS
_2ddc
_n
999 _c1882
_d1882